000 00313nam a22001217a 4500
008 160521b xxu||||| |||| 00| 0 eng d
020 _a9780805368444
020 _a0805368442
041 _aeng
080 _a579
245 _aBiology:
_cNeil A. Campbell; Jane B.Reece; Lisa A Urry;MIchael L.Cain;
942 _2udc
_cBK
999 _c2348
_d2348